000 01397cam a2200361 i 4500
005 20260322212017.0
008 data
010 _a 2012049180
020 _a9780760343821 (hardcover)
020 _a0760343829
040 _aDLC
_beng
_cDLC
_erda
_dDLC
042 _apcc
043 _an-us---
050 0 0 _aTL23
_b.W285 2013
082 0 0 _a629.222
_223
092 _a629.22 Wan 2013
100 1 _aWangers, Jim.
245 1 4 _aThe all-American muscle car :
_bthe birth, death and resurrection of Detroit's greatest performance cars /
_cJim Wangers & Colin Comer.
260 _aMinneapolis, MN :
_bMotor Books,
_c2013.
264 1 _aMinneapolis, MN :
_bMotor Books,
_c2013.
300 _a192 pages ;
_c29 cm
_b29 cm.
336 _atext
_2rdacontent
337 _aunmediated
_2rdamedia
338 _avolume
_2rdacarrier
504 _aIncludes bibliographical references (page 187) and index.
505 0 _aThe birth of the muscle car -- Birth of the Pony -- When they were just cars -- Muscle car "enhancers" -- Modern muscle --Blue-chip muscle.
650 0 _aMuscle cars
_xHistory.
_zUnited States
700 1 _aComer, Colin.
906 _a7
_bcbc
_corignew
_d1
_eecip
_f20
_gy-gencatlg
925 0 _aacquire
_b1 shelf copies
_xpolicy default
955 _wrd05 2013-02-08
_frm06 2014-04-30 to CALM
001 data
999 _c373
_d373